| 000 | 00512nam a22001697a 4500 | ||
|---|---|---|---|
| 999 |
_c8593 _d8593 |
||
| 008 | 201208b ||||| |||| 00| 0 eng d | ||
| 040 | _aBMS College of Architecture | ||
| 100 | _aSalecha, A Kumar Akshay | ||
| 245 | _aAK'S interior Hub | ||
| 300 | _a55p. | ||
| 500 | _a1BM12AT005 | ||
| 502 |
_8B,Arch _NBMS College of Architecture, Visvesvaraya Technological University (VTU) _aProject report _d2016 |
||
| 650 | _aHub | ||
| 700 |
_aArathi K Parigi _eGuide |
||
| 700 |
_aAkhila Ramesh _eGuide |
||
| 942 |
_2ddc _cTHE |
||